[Event "Xeraco Region-ch Primera"]
[Site "Xeraco"]
[Date "2015.11.07"]
[Round "5.8"]
[White "Alminana Alminana, Ximo"]
[Black "Calabuig Gandia, Florian"]
[Result "1-0"]
[WhiteElo "1691"]
[BlackElo "1437"]
[PlyCount "57"]
[EventDate "2015.10.03"]
[EventType "swiss"]
[EventRounds "7"]
[EventCountry "ESP"]
[SourceTitle "EXT 2024"]
[Source "ChessBase"]
[SourceDate "2023.10.10"]
[SourceVersion "1"]
[SourceVersionDate "2023.10.10"]
[SourceQuality "1"]

1. d4 d5 2. c4 c6 3. Nc3 e6 4. Nf3 Nf6 5. Bg5 Be7 6. e3 h6 7. Bh4 0-0 8. Bd3 Nbd7 9. 0-0 a6 10. a4 Nb6 11. b3 dxc4 12. bxc4 c5 13. Qc2 cxd4 14. exd4 Nbd7 15. Rfd1 b6 16. Ne5 Bb7 17. Rab1 Kh8 18. c5 Bd5 19. Bxf6 Bxf6 20. Nxd7 Qxd7 21. cxb6 Rfb8 22. Nxd5 Qxd5 23. Be4 Qd8 24. Bxa8 Rxa8 25. Qc7 Kg8 26. Qxd8+ Bxd8 27. b7 Rb8 28. Rdc1 Kf8 29. Rc8 1-0

[Event "Provincial-ch Xeraco Primera"]
[Site "Xeraco"]
[Date "2014.11.15"]
[Round "6.8"]
[White "Sala Espi, Antonio"]
[Black "Alminana Alminana, Ximo"]
[Result "1/2-1/2"]
[WhiteElo "1696"]
[BlackElo "1778"]
[PlyCount "47"]
[EventDate "2014.09.27"]
[EventType "swiss"]
[EventRounds "7"]
[EventCountry "ESP"]
[SourceTitle "EXT 2024"]
[Source "ChessBase"]
[SourceDate "2023.10.10"]
[SourceVersion "1"]
[SourceVersionDate "2023.10.10"]
[SourceQuality "1"]

1. e4 e5 2. Nf3 Nc6 3. Bc4 Nf6 4. d3 h6 5. 0-0 Bc5 6. c3 d6 7. d4 exd4 8. cxd4 Bb4 9. a3 Ba5 10. b4 Bb6 11. e5 dxe5 12. Qb3 0-0 13. dxe5 Nd4 14. Nxd4 Bxd4 15. Bb2 Bxb2 16. Qxb2 Ne8 17. Nd2 b6 18. Rad1 Bb7 19. Nf3 Qe7 20. Rd3 Rd8 21. Rfd1 Rxd3 22. Rxd3 c5 23. bxc5 Qxc5 24. Qb4 1/2-1/2

[Event "Provincial-ch Xeraco Primera"]
[Site "Xeraco"]
[Date "2014.11.08"]
[Round "5.4"]
[White "Alminana Alminana, Ximo"]
[Black "Marques Chaveli, Francisco V"]
[Result "0-1"]
[WhiteElo "1778"]
[BlackElo "1882"]
[PlyCount "66"]
[EventDate "2014.09.27"]
[EventType "swiss"]
[EventRounds "7"]
[EventCountry "ESP"]
[SourceTitle "EXT 2024"]
[Source "ChessBase"]
[SourceDate "2023.10.10"]
[SourceVersion "1"]
[SourceVersionDate "2023.10.10"]
[SourceQuality "1"]

1. d4 Nf6 2. c4 g6 3. Nc3 Bg7 4. e4 d6 5. Nf3 0-0 6. Be2 e5 7. d5 a5 8. b3 Na6 9. 0-0 Nh5 10. g3 Nc5 11. Re1 f5 12. Bf1 fxe4 13. Nxe4 Nxe4 14. Rxe4 Bf5 15. Bg5 Bxe4 16. Bxd8 Bxf3 17. Be2 Bxe2 18. Qxe2 Raxd8 19. Rf1 Rde8 20. Qe4 Nf6 21. Qe3 b6 22. h3 Nd7 23. Re1 Nc5 24. f3 e4 25. fxe4 Rxe4 26. Qd2 Bd4+ 27. Kh1 Rxe1+ 28. Qxe1 Nd3 29. Qe6+ Kg7 30. h4 Ne5 31. h5 Rf1+ 32. Kg2 Rg1+ 33. Kh2 Nf3+ 0-1